000 01243cad a22002175a 4500
001 L156560
008 120608s2012 xxk 000 0 eng d
035 _a(Sirsi) u156560
041 0 _aeng
110 2 _aCBRE
245 0 0 _aHong Kong industrial marketview Q1 2012
_h[electronic resource]
260 _aHong Kong
_bCBRE
_c2012
490 0 _aCBRE Hong Kong Industrial Marketview
_vQ1 2012 1 June 2012
520 _aTotal exports values and the volume of container and air cargo throughputs experienced year-on-year growth in February. Sentiment and demand for logistics and warehouse space remained positive. More industrial revitalisation drove relocation demand. Interlink, Goodman's new logistics development in Tsing Yi, offers 2.4m sq ft of prime warehouse space. Rents for the Hong Kong industrial market remain on an upward trend.
520 _aQuick stats -- hot topics -- overview -- selected leasing and sales transactions in Q1 2012 -- major Hong Kong industrial areas -- industrial property definitions.
590 _aNTK KA
651 4 _aHong Kong
690 _aCommercial property
_96227
856 4 0 _uhttps://www.cbre.eu/portal/pls/portal/res_rep.show_report?report_id=1854
_zView the report at www.cbre.eu
942 _n0
999 _c84078
_d84078